00624nam a2200181Ia 4500952013000000999001700130003000400147005001700151008004100168040000900209082001800218100003000236245005700266260004900323300000900372650001900381942004200400 00102ddc40708HISTORYaMESbMEScHISd2019-02-20g6.50l0o954.04 GOV/Ip3750r2019-02-20 00:00:00w2019-02-20yBKzGL37R3 c18874d18874OSt20200713122112.0190216s9999||||xx |||||||||||||| ||und|| coclc a954.04bGOV/I aGovernment Of India91019 0aIndia A Reference Annual 1970 /cGovernment Of India bPublications Division Govt. Of India,c1970. a661p aIndian History cBK2ddch954.04iGOV/Ik954.04mGOV/I